00888nam a22002057a 4500003000900000008004100009020001500050040007100065082002300136100003100159245005700190260009300247300004400340440002800384505017100412650002000583650001600603650002400619700003900643AR-CdUCM190228b ||||| |||| 00| 0 spa d a968161903X aMUNICIPALIDAD PROVINCIAL DEL CUSCOcBIBLIOTECA MUNICIPAL DEL CUSCO a305.896072 /bAG32 aAguirre Beltrán, Gonzalo aCuijla :bbesbozo etnográfico de un pueblo negro / aMéxico :bSecretaría de Educación Pública,bFondo de Cultura Económica,c1985. a242 páginas ;bilustraciones,c21 cm. aLecturas Mexicanas.n90 aContenido: La geografía y tío Nico -- Historia de un genocidio -- De don Tristán a don Juan -- La osadía de los negros -- Blancos, blanquitos y cuculustes ... aNegros-México aEtnología aSociedad y Gobierno aBeltrán, Alberto (ilustraciones)